La esencia del Tai-Chi

Salvato in:
Dettagli Bibliografici
Autore principale: Al Chung-Liang, Huang (Autore)
Natura: Libro
Lingua:spagnolo
Pubblicazione: Santiago Cuatro Vientos 1980
Soggetti:
Tags: Aggiungi Tag
Nessun Tag, puoi essere il primo ad aggiungerne!!

MARC

LEADER 00000nam a2200000 a 4500
001 UCW7476
003 CL-VaPUC
008 930311e19800000CL |||||||||||||||||spa|d
082 0 4 |a 613.711  |b ALC  |2 21 
100 0 |a Al Chung-Liang, Huang  |e author  |9 312626 
245 1 3 |a La esencia del Tai-Chi 
300 |a 203 p 
942 |c BK 
945 |d 19930311 00:00:00 
260 |a Santiago  |b Cuatro Vientos  |c 1980 
650 7 |a TAI-CHI  |2 CL-VaPUC  |9 312627 
583 |a last modification  |c 19930311 00:00:00  |k Rodrigo Vera 
999 |c 220216  |d 220214 
952 |0 0  |1 0  |4 0  |6 613_711000000000000_ALC_1980  |7 0  |8 P  |9 212141  |a BIBEDU  |b BIBEDU  |c BIBEDU_PB  |d 2019-11-15  |i 2803925  |o 613.711 ALC 1980  |p 2803925  |r 2024-01-25  |w 2019-11-15  |y BK  |k EDU